| 000 | 01039nam a22003137a 4500 | ||
|---|---|---|---|
| 003 | CHAP | ||
| 005 | 20220817041251.0 | ||
| 008 | 971013s1994 r 00010 d | ||
| 010 | _a9929 | ||
| 011 | _a10901 | ||
| 035 | _a10139 | ||
| 040 | _cCHAP | ||
| 090 | _aTesis | ||
| 100 | 0 | 0 |
_aMéndez Zavala, Alicia. _976605 |
| 245 | _aPrograma de capacitación empresarial pioneros (una forma diferente de hacer las cosas) | ||
| 260 |
_aChapingo, Méx. : _bEl autor, _c1994 |
||
| 300 | _a77 h. | ||
| 502 | _aTesis (Ing. Agr. Esp. en Sociología Rural) -- UACH. Departamento de Sociología Rural | ||
| 590 |
_aALEPH _b10 _c20130110 _lUCH01 _h1226 |
||
| 590 |
_aBATCH-UPD _b10 _c20130110 _lUCH01 _h1332 |
||
| 590 |
_aBATCH-UPD _b10 _c20130410 _lUCH01 _h0837 |
||
| 590 |
_aBATCH-UPD _b10 _c20130914 _lUCH01 _h0838 |
||
| 590 |
_aCONVERSION _b10 _c20130109 _lUCH01 _h1306 |
||
| 650 | 1 | 4 |
_aCapacitación. _918690 |
| 710 | 0 | _aUACH. Departamento de Sociología Rural. | |
| 901 | _aBK | ||
| 942 | _cTESIS | ||
| 949 |
_bBC _cTES _d-21518 _eTS1 _h26679 _i10139 _si |
||
| 999 |
_c9929 _d9929 |
||